000 00703nam a2200181Ia 4500
005 20240530110957.0
008 140319s2002 xx 000 0 ara d
040 _aGCL /
_cGCL
082 0 4 _a812.041 /
_bم م
_2الاولى
100 1 _aمحمد الناصر احمد ابو زيد
245 1 0 _aالمقايضة :
_bمسرحية من فصل واحد /
_cتاليف محمد الناصر احمد ابو زيد
250 _aالاولى
260 _aالقاهرة :
_bوزارة الثقافة : الهيئة العامة لقصور الثقافة ،
_c2002
300 _a93 ص ؛
_c20 سم
650 0 4 _aالمسرح
942 _2ddc
_cBK
999 _c67109
_d67109